000 00576nam a2200169 a 4500
001 000034451
005 20200930073716.0
008 111004s1997 xxu 000 0 spa d
020 _a0884195155
040 _aDO-SdBNP
_bspa
_cBNPHU
082 _axxx
_bL459e
100 1 _aLechner, Cathy
_959882
245 1 0 _aEstoy tratando de sentarme a sus pies, pero..., ¿quién cocina? /
_cCathy Lechner.
260 _aEstados Unidos :
_bCasa creación,
_c1997.
300 _a167 p. :
_b22 cm.
534 _pTítulo original :
_tI'm trying to sit at his feet, but who's going to cook dinner?
999 _c33942
_d33942